| 000 | 00491nam a2200181Ia 4500 | ||
|---|---|---|---|
| 003 | GCL | ||
| 008 | 140319s9999 xx 000 0 ara d | ||
| 040 |
_aGCL / _cGCL |
||
| 082 | 0 | 4 |
_a843.03 _bهـ ع |
| 100 | 1 | _aهيغو, فيكتور | |
| 245 | 1 | 0 |
_aعمال البحر / _cهيغو, فيكتور |
| 700 | 1 | _aرمضان لاوند | |
| 300 | _a407 ص | ||
| 490 | _a | ||
| 650 | 0 | 4 | _aالادب الفرنسى |
| 650 | 0 | 4 | _aالقصص الفرنسية المترجمة |
| 942 |
_2ddc _cBK |
||
| 999 |
_c39071 _d39071 |
||